LEADER 01687nam 2200529 450 001 9910155630303321 005 20160321151108.0 010 $a1-5124-2617-2 035 $a(CKB)3710000000975373 035 $a(DLC) 2016013986 035 $a(MiAaPQ)EBC5477277 035 $a(EXLCZ)993710000000975373 100 $a20160321h20172017 uy| 1 101 0 $aeng 135 $aur||||||||||| 181 $2rdacontent 182 $2rdamedia 183 $2rdacarrier 200 10$aMiddlemarch /$fby George Eliot 210 1$aMinneapolis :$cFirst Avenue Editions, a division of Lerner Publishing Group,$d[2017] 210 4$d©2017 215 $a1 online resource 225 1 $aFirst Avenue Classics 311 08$aOnline version: Eliot, George, 1819-1880, author. Middlemarch Minneapolis : First Avenue Editions, a division of Lerner Publishing Group, [2017] 9781512426175 (DLC) 2016013986 410 0$aFirst Avenue classics. 606 $aTriangles (Interpersonal relations)$vFiction 606 $aCity and town life$zEngland$vFiction 606 $aYoung women$zEngland$vFiction 606 $aSocial reformers$vFiction 606 $aMarried people$vFiction 606 $aScholars$vFiction 608 $aElectronic books. 615 0$aTriangles (Interpersonal relations) 615 0$aCity and town life 615 0$aYoung women 615 0$aSocial reformers 615 0$aMarried people 615 0$aScholars 676 $a823/.8 700 $aEliot$b George$f1819-1880,$0165372 801 0$bMiAaPQ 801 1$bMiAaPQ 801 2$bMiAaPQ 906 $aBOOK 912 $a9910155630303321 996 $aMiddlemarch$971231 997 $aUNINA LEADER 03187nam 2200637 450 001 9910814392003321 005 20230807212538.0 010 $a90-04-28081-2 024 7 $a10.1163/9789004280816 035 $a(CKB)3710000000342929 035 $a(EBL)1936119 035 $a(SSID)ssj0001420777 035 $a(PQKBManifestationID)11787853 035 $a(PQKBTitleCode)TC0001420777 035 $a(PQKBWorkID)11404081 035 $a(PQKB)10172176 035 $a(MiAaPQ)EBC1936119 035 $a(OCoLC)893452189 035 $a(nllekb)BRILL9789004280816 035 $a(Au-PeEL)EBL1936119 035 $a(CaPaEBR)ebr11014943 035 $a(CaONFJC)MIL718564 035 $a(OCoLC)902674238 035 $a(EXLCZ)993710000000342929 100 $a20150210h20152015 uy 0 101 0 $aeng 135 $aur|n|---||||| 181 $ctxt 182 $cc 183 $acr 200 00$aAvi Sagi $eexistentialism, pluralism, and identity /$fedited by Hava Tirosh-Samuelson and Aaron W. Hughes 210 1$aLeiden, The Netherlands :$cKoninklijke Brill,$d2015. 210 4$d©2015 215 $a1 online resource (209 p.) 225 1 $aLibrary of Contemporary Jewish Philosophers,$x2213-6010 ;$vVolume 10 300 $aDescription based upon print version of record. 311 $a90-04-28080-4 311 $a1-322-87282-1 320 $aIncludes bibliographical references. 327 $tPreliminary Material -- $tAvi Sagi: An Intellectual Portrait /$rHava Tirosh-Samuelson -- $tThe Punishment of Amalek in Jewish Tradition: Coping with the Moral Problem /$rAvi Sagi -- $tNatural Law and Halakhah: A Critical Analysis /$rAvi Sagi -- $tTikkun Olam: Between Utopian Idea and Socio-Historical Process /$rAvi Sagi -- $tJustifying Interreligious Pluralism /$rAvi Sagi -- $tInterview with Avi Sagi /$rHava Tirosh-Samuelson -- $tSelect Bibliography. 330 $aAvi Sagi is Professor of Philosophy at Bar Ilan University in Ramat Gan, Israel, and Senior Fellow at the Shalom Hartman Institute in Jerusalem, Israel. A philosopher, literary critic, scholar of cultural studies, historian and philosopher of halakhah, public intellectual, social critic, and educator, Sagi has written most lucidly on the challenges that face humanity, Judaism, and Israeli society today. As an intertextual thinker, Sagi integrates numerous strands within contemporary philosophy, while critically engaging Jewish and non-Jewish philosophers. Offering an insightful defense of pluralism and multiculturalism, his numerous writings integrate philosophy, religion, theology, jurisprudence, psychology, art, literature, and politics, charting a new path for Jewish thought in the twenty-first century. 410 0$aLibrary of contemporary Jewish philosophers ;$vVolume 10. 606 $aJewish philosophy 606 $aPhilosophy$y21st century 615 0$aJewish philosophy. 615 0$aPhilosophy 676 $a181/.06 702 $aTirosh-Samuelson$b Hava 702 $aHughes$b Aaron W.$f1968- 801 0$bMiAaPQ 801 1$bMiAaPQ 801 2$bMiAaPQ 906 $aBOOK 912 $a9910814392003321 996 $aAvi Sagi$94107806 997 $aUNINA LEADER 00895nam0-22003011i-450 001 990004705170403321 005 20241029104840.0 035 $a000470517 035 $aFED01000470517 035 $a(Aleph)000470517FED01 035 $a000470517 100 $a19990530d1971----km-y0itay50------ba 101 0 $ager 102 $aDE 105 $ay-------001yy 200 1 $aPhysis und Logos$ezum Körperphänomen in seiner Bedeutung für den Ursprung der Metaphysik bei Aristoteles$fFridolin Wiplinger 210 $aMunchen$cKarl Alber Freiburg$d1971 215 $a552 p.$d23 cm 610 0 $aAristotele$aMetafisica$aSaggi 676 $a185 700 1$aWiplinger,$bFridolin$0187567 801 0$aIT$bUNINA$gRICA$2UNIMARC 901 $aBK 912 $a990004705170403321 952 $a185 ARIS/S 191$bIfcl.1341$fFLFBC 959 $aFLFBC 996 $aPhysis und Logos$9555951 997 $aUNINA